The Streaked blond slave (Record no. 33961)

MARC details
000 -LEADER
fixed length control field 00260nam a2200109Ia 4500
082 ## - DEWEY DECIMAL CLASSIFICATION NUMBER
Classification number 82-3
Item number BRO
100 ## - MAIN ENTRY--AUTHOR NAME
Personal name Brown, Carter
245 #4 - TITLE STATEMENT
Title The Streaked blond slave
260 ## - PUBLICATION, DISTRIBUTION, ETC. (IMPRINT)
Place of publication New York
Name of publisher NAL
Year of publication 1969
942 ## - ADDED ENTRY ELEMENTS (KOHA)
Koha item type Books
Holdings
Withdrawn status Lost status Damaged status Not for loan Home library Current library Date acquired Full call number Accession Number Koha item type
      Write off RRII Library RRII Library 16/12/2021 82-3 BRO 14403 Books